Central Library OPAC University of Rajshahi

Byproducts from milk / (Record no. 73634)

MARC details
000 -LEADER
fixed length control field 00722nam a2200241 a 4500
001 - CONTROL NUMBER
control field 73634
003 - CONTROL NUMBER IDENTIFIER
rucl marc code BD-RjUL
005 - DATE AND TIME OF LATEST TRANSACTION
control field 20211209082424.0
008 - FIXED-LENGTH DATA ELEMENTS--GENERAL INFORMATION
fixed length control field 170605s1950 nyua b 001 0 eng d
035 ## - SYSTEM CONTROL NUMBER
System control number (BD-RjUL)73852
040 ## - CATALOGING SOURCE
Original cataloging agency DLC
Transcribing agency WSU
Modifying agency BD-RjUL
Language of cataloging eng
041 ## - LANGUAGE CODE
Language code of text/sound track or separate title eng
082 ## - DEWEY DECIMAL CLASSIFICATION NUMBER
Classification number 637.1
Edition number 23
Author mark and year WHB 1950
100 1# - MAIN ENTRY--PERSONAL NAME
Personal name Whittier, Earle Ovando,
Dates associated with a name 1891-
9 (RLIN) 217944
245 10 - TITLE STATEMENT
Title Byproducts from milk /
Statement of responsibility, etc. by Earle O. Whittier and Byron H. Webb.
260 ## - PUBLICATION, DISTRIBUTION, ETC. (IMPRINT)
Place of publication, distribution, etc. New York :
Name of publisher, distributor, etc. Reinhold,
Date of publication, distribution, etc. [1950]
300 ## - PHYSICAL DESCRIPTION
Pagination viii, 317 p. :
Illustrations ill. ;
Size 24 cm.
504 ## - BIBLIOGRAPHY, ETC. NOTE
Bibliography, etc Includes bibliographies and index
650 #0 - SUBJECT ADDED ENTRY--TOPICAL TERM
Topical term or geographic name as entry element Dairy products.
9 (RLIN) 217945
700 1# - ADDED ENTRY--PERSONAL NAME
Personal name Webb, Byron Horton,
Dates associated with a name 1903-
942 ## - ADDED ENTRY ELEMENTS (KOHA)
Source of classification or shelving scheme Dewey Decimal Classification
Koha item type Books
Holdings
Lost status Source of classification or shelving scheme Damaged status Not for loan Collection code Permanent Location Current Location Shelving location Date acquired Source of acquisition Cost, normal purchase price Total Checkouts Full call number Date last seen Copy number Koha item type
  Dewey Decimal Classification   Not For Loan Non-fiction Central Library, University of Rajshahi Central Library, University of Rajshahi Reading Room 05/02/1958 B.H. Blackwell 2.00   637.1 WHB 1950 05/06/2017 C-1 Books